Le Royaume-Uni de A à Z - Statistiques

Statistiques générales
  • Ce quiz a été pris 253 fois
  • Le résultat moyen est 12 sur 26
Statistiques - réponses
Lettre Indice Réponse % Correct
V Nom d'une reine ayant laissé son nom à la capitale des Seychelles Victoria
87%
I Etat asiatique se séparant de la couronne britannique en 1947 Inde
83%
J Célèbre tueur en série de Whitecapel Jack l'Eventreur
80%
Q Nombre de monarques anglais prénommés Guillaume Quatre
80%
U Nom du drapeau britannique, lorsqu'il est sur d'autres drapeaux en haut à gauche Union Jack
78%
O Célèbre train transnational cher à Agatha Christie Orient-Express
75%
Z Ancienne colonie britannique ayant porté le nom de Rhodésie du Nord Zambie
69%
F Langue de la devise anglaise Français
66%
K Subdivision anglaise, portant le même nom que Superman Kent
65%
M Iles pour lesquelles Thatcher intervint contre l'envahisseur argentin Malouines
64%
H Région historique du nord de l'Ecosse, où se trouve Inverness Highlands
53%
Y L'autre maison engagée dans la Guerre des Roses York
49%
N Grande ville du nord de l'Angleterre, ayant une réplique en Australie Newcastle
47%
T Evènement qui scelle le début de la révolte américaine contre les Anglais, à Boston Tea Party
43%
S Ironiquement, siège de la police londonienne Scotland Yard
42%
L L'une des deux maisons engagées dans la Guerre des Roses Lancastre
40%
E Roi d'Angleterre qui démarra la Guerre de Cent Ans Edouard III
30%
B Point culminant du Royaume-Uni Ben Nevis
28%
C Premier ministre britannique au début de la Deuxième Guerre Mondiale Chamberlain
24%
W Premier royaume constitutif anglais, du temps d'AEtherstan Wessex
21%
G Nom du théâtre de Shakespeare, qui a tragiquement brûlé en 1613 Globe
19%
X Siècle considéré comme la plus grande période de l'Histoire Britannique XIXème
19%
D "Capitale" de l'île de Man, bénéficiant d'un statut particulier Douglas
15%
A Plus grande des îles annexes au Royaume-Uni, située au Pays de Galles Anglesey
11%
P Probablement le point britannique le plus éloigné de la métropole Pitcairn
6%
R Comté de la réponse I, à l'origine d'un quiproquo de débarquement russe en 1914 Ross-Shire
0%
Aucun quiz correspondant
Distribution des résultats
% des personnes avec chaque résultat
Percentile par nombre de réponses
Votre historique - résultats
Vous n’avez pas pris ce quiz